Statystyki dla Podróż po Świecie -Quiz Geopolityczny #1

Kliknij tutaj aby rozwiązać quiz!

Ogólne statystyki

  • Ten quiz został rozwiązany 8 062 razy
    (8 061 od ostatniego zresetowania)
  • Średni wynik to 21 z 30

Statystyki odpowiedzi

KierunekKraj w którym się znajdujesz% Poprawnych
Południowy ZachódCzechy
99%
PołudnieAustria
94%
PołudnieChorwacja
89%
PołudnieSłowenia
89%
Północny WschódSerbia
84%
Południowy WschódBośnia i Hercegowina
83%
WschódBułgaria
80%
Południowy WschódTurcja
77%
Południowy WschódCzarnogóra
75%
WschódNiemcy
74%
Północny WschódFrancja
71%
PółnocHiszpania
70%
PółnocDania
68%
ZachódEgipt
68%
WschódRosja
68%
Północny WschódBelgia
67%
Północny WschódSzwecja
67%
Północny WschódHolandia
66%
ZachódIzrael
66%
WschódFinlandia
65%
PołudnieLitwa
65%
PołudnieEstonia
64%
PołudnieŁotwa
64%
PołudnieBiałoruś
63%
ZachódMaroko
62%
PołudnieSyria
62%
ZachódAlgieria
59%
ZachódLibia
59%
Północny ZachódTunezja
59%
PołudnieJordania
54%

Rozkład punktacji

Percentyl według liczby udzielonych odpowiedzi

Procent ludzi z każdym wynikiem

Twoja historia wyników

Nie rozwiązałeś tego quizu od ostatniego zresetowania